书目信息 |
| 题名: |
新编肿瘤药物手册
|
|
| 作者: | 付桂英 主编 ;陈珊珊 编著 | |
| 分册: | ||
| 出版信息: | 北京 金盾出版社 2016.4 |
|
| 页数: | 16,451页 | |
| 开本: | 20cm | |
| 丛书名: | ||
| 单 册: | ||
| 中图分类: | R979.1-62 | |
| 科图分类: | ||
| 主题词: | 抗癌药--手册 | |
| 电子资源: | ||
| ISBN: | 978-7-5082-9664-7 | |
| 000 | 00882nam0 2200241 450 | |
| 001 | 0400002904 | |
| 005 | 20171021154755.0 | |
| 010 | @a978-7-5082-9664-7@dCNY45.00 | |
| 100 | @a20160923e2016 em y0chiy50 ea | |
| 101 | 0 | @achi |
| 102 | @aCN@b110000 | |
| 105 | @ay z 000yy | |
| 106 | @ar | |
| 200 | 1 | @a新编肿瘤药物手册@9xin bian zhong liu yao wu shou ce@f付桂英主编@g陈珊珊[等]编著 |
| 210 | @a北京@c金盾出版社@d2016.4 | |
| 215 | @a16,451页@d20cm | |
| 330 | @a本书共分为十一章,收载抗肿瘤药物355种,其中包括美国食品及药物管理局(FDA)批准的我国仍未上市的抗肿瘤药物64种。其所介绍的每种药物,均以药物名称、剂型规格、用法用量、适应证及注意事项等内容予以列出并说明。 | |
| 606 | 0 | @a抗癌药@j手册 |
| 690 | @aR979.1-62@v5 | |
| 701 | 0 | @a付桂英@9fu gui ying@4主编 |
| 702 | 0 | @a陈珊珊@9chen shan shan@4编著 |
| 801 | 0 | @aCN@b91MARC@c20171021 |
| 905 | @b1021483-7@dR979.1-62@f5@e115 | |
| 新编肿瘤药物手册/付桂英主编/陈珊珊[等]编著.-北京:金盾出版社,2016.4 |
| 16,451页;20cm |
| ISBN 978-7-5082-9664-7:CNY45.00 |
| 本书共分为十一章,收载抗肿瘤药物355种,其中包括美国食品及药物管理局(FDA)批准的我国仍未上市的抗肿瘤药物64种。其所介绍的每种药物,均以药物名称、剂型规格、用法用量、适应证及注意事项等内容予以列出并说明。 |
| ● |
| 相关链接 |
|
|
|
|
正题名:新编肿瘤药物手册
索取号:R979.1-62/115
 
预约/预借
| 序号 | 登录号 | 条形码 | 馆藏地/架位号 | 状态 | 备注 |
| 1 | 1021483 | 210214837 | 第二样本阅览室/ [索取号:R979.1-62/115] | 在馆 | |
| 2 | 1021484 | 210214846 | 密集书库-生命科学系/ [索取号:R979.1-62/115] | 在馆 | |
| 3 | 1021485 | 210214855 | 第三借阅区/ [索取号:R979.1-62/115] | 在馆 | |
| 4 | 1021486 | 210214864 | 第三借阅区/ [索取号:R979.1-62/115] | 在馆 | |
| 5 | 1021487 | 210214873 | 第三借阅区/ [索取号:R979.1-62/115] | 在馆 |